| 000 | 00537nam a22001817a 4500 | ||
|---|---|---|---|
| 003 | 0 | ||
| 005 | 20231117082748.0 | ||
| 008 | 231117b xxu||||| |||| 00| 0 eng d | ||
| 020 | _a978-621-406-229-4 | ||
| 050 |
_aHQ 769 _b.An54 2023 |
||
| 100 | _aAng, Jaime Gutierrez | ||
| 245 |
_aEthics 101: an exploration on the concept of right and wrong _cJaime Gutierrez Ang |
||
| 300 |
_avi, 128 pages ; _c26 cm. |
||
| 504 | _aIncludes bibliographical references. | ||
| 650 | _aEthics. | ||
| 650 | _aConduct of life. | ||
| 942 |
_2lcc _cBK |
||
| 999 |
_c365613 _d365613 |
||